00531nam a2200181Ia 4500003000900000008004100009020001800050040001600068080001500084100001800099245009800117260004200215300001500257650002000272650002600292650001900318650001200337IN-BaIIA211028s9999 xx 000 0 eng d a0-13-844720-9 cIIA Library a620.1bMOR aMorrow, H. W. 0aStatics and strength of materialscH. W. Morrow  aEnglewood CliffsbPrentice-Hallc1981 axiv, 514p. aFluid mechanics aMechanical properties aNASA thesaurus aStatics